(Record no. 187873)
[ view plain ]
| 000 -CABECERA | |
|---|---|
| campo de control de longitud fija | 01306nam a2200229Ia 4500 |
| 001 - NÚMERO DE CONTROL | |
| campo de control | IA_7803,05/12/2019,05/12/2019,5232272018 mx nml 8223123322spa16," |
| 008 - DATOS DE LONGITUD FIJA--INFORMACIÓN GENERAL | |
| campo de control de longitud fija | 220117sro / xx 000 0 und d |
| 010 ## - NÚMERO DE CONTROL DE LA BIBLIOTECA DEL CONGRESO | |
| Número de control de LC | 187873 |
| 090 ## - LOCALMENTE ASIGNADO TIPO-LC NÚMERO DE CLASIFICACIÓN (OCLC); NÚMERO DE CLASIFICACIÓN LOCAL (RLIN) | |
| Número de clasificación (OCLC) (R) ; Numero de clasificación, CALL (RLIN) (NR) | Tesis C376 2018 |
| 100 ## - ENTRADA PRINCIPAL--NOMBRE DE PERSONA | |
| Nombre de persona | Castro Cruz |
| 9 (RLIN) | 163512 |
| 260 ## - PUBLICACIÓN, DISTRIBUCIÓN, ETC. | |
| Lugar de publicación, distribución, etc. | México : |
| Nombre del editor, distribuidor, etc. | El autor, |
| Fecha de publicación, distribución, etc. | ro / |
| 300 ## - DESCRIPCIÓN FÍSICA | |
| Extensión | xiii |
| 500 ## - NOTA GENERAL | |
| Nota general | El CD contiene reporte y artículo |
| 502 ## - NOTA DE TESIS | |
| Nota de tesis | Tesis (Ing. Agr. Esp. en Ingeniería Agroindustrial) -- UACh. Departamento de Ingeniería Agroindustrial |
| 504 ## - NOTA DE BIBLIOGRAFÍA, ETC. | |
| Nota de bibliografía, etc. | Bibliografía: h. 137-144 |
| 505 ## - NOTA DE CONTENIDO CON FORMATO | |
| Nota de contenido con formato | 4 planos : \ 1.Plano de distribución de áreas de la empacadora de mango (Esc. 1: 100) \ 2.Plano de distribución de áreas y maquinaría de la empacadora (Esc. 1:100) \ 3.Plano de distribución de áreas y flujos de la materia prima y personal (Esc. 1:100) \ 4.Diagrama de flujo de la empacadora de mango (Esc. 1:100) |
| 520 ## - SUMARIO, ETC. | |
| Sumario, etc. | En el año 2016 el estado de Guerrero fue el mayor productor de mango a nivel nacional con el 26.2 por ciento de la producción nacional |
| 904 ## - ELEMENTOS DE DATOS D LOCAL, LDD (RLIN) | |
| a | ro / |
| 942 ## - ELEMENTOS DE PUNTO DE ACCESO ADICIONAL (KOHA) | |
| Tipo de ítem Koha | |
No items available.
